Name that office character Quiz Stats

 Plays Quiz not verified by Sporcle

Challenge
Share
Tweet
Embed
Score 0/25 Timer 10:00
0 Plays Today
Description Character % Correct
Holly thought he was mentally challenged, made chili for the officeKevin Malone
98.7%
Denied by the finer things club, drives a prius, graduated from cornellAndy Bernard
98.1%
According to Karen, this person wears stinky perfume, also she is married to Bob VancePhyllis Lapin-Vance
97.4%
Was caught grooming her cat with her own tongue on a nanny cam, then she coughed up a hairballAngela Martin
97.4%
Won the Spicy Curry awardKelly Kapoor
96.8%
Walked across hot coals on beach day and won the award for whitest sneakersPam Beesley-Halpert
96.8%
Keeps mung beans in his desk drawer, has bad breathCreed Bratton
96.8%
Has a daughter named Sasha, also has a secret crush on PamToby Flenderson
96.8%
Agreed to go to Sandals with MichaelJan Levinson
96.2%
Cooked a cheese pita in the toaster which caused an office fireRyan Howard
94.9%
Created the screen name Little Kid Lover on a dating site, wore a women's suitMichael Scott
94.9%
Gets transferred back to Nashua after her relationship with Michael becomes publicHolly Flax
94.9%
When he got a concussion he said his middle name is Danger, has a froggy 101 sticker by his deskDwight Schrute
94.9%
Description Character % Correct
His favorite day is Pretzel DayStanley Hudson
94.2%
Was a woman for halloween and his sandals seriously offended AngelaOscar Martinez
93.6%
The warehouse worker who Pam almost marriedRoy Anderson
92.9%
Has two thumbs and hates Todd Packer, was a three hold punched version of himself for HalloweenJim Halpert
92.3%
Wore an extremely inappropriate outfit during casual fridayMeredith Palmer
91%
While hosting a dinner party, he played basketball with Jim. Also the exCFODavid Wallace
85.9%
Likes Andy, was once an orphanErin Hannon
84.6%
Is the most complicated man Kelly has ever met because he says exactly what he is thinkingDarryl Philbin
83.3%
Gets mistaken for a William Hung fan because of his license plate 'WL HUNG'Todd Packer
78.2%
Dumped Michael on ChristmasCarol Stills
69.2%
Sold purses in the officeKaty
47.4%
Is now the Utica branch managerKaren Filipelli
42.3%

You're not logged in!

Compare scores with friends on all Sporcle quizzes.
Join for Free
OR
Log In

You Might Also Like...

Show Comments

Extras

Created Jul 11, 2010ReportNominate
Tags:character, description, office

Top Quizzes Today


Score Distribution

Your Account Isn't Verified!

In order to create a playlist on Sporcle, you need to verify the email address you used during registration. Go to your Sporcle Settings to finish the process.

Report this User

Report this user for behavior that violates our Community Guidelines.

Details: